000 01256pam a22003614i 4500
999 _c134483
_d134483
001 991061335149606706
003 ES-BaBAB
005 20260130124857.0
008 250514s2025 spc||||| |||||0|| 0|cat|c
017 _aDL B 9353-2025
_bBiblioteca de Catalunya
020 _a9788410501591
_q(Edicions UB)
020 _a9788491445586
_q(Edicions UdL)
040 _aES-BaUB
_bcat
_erda
_cES-BaUB
080 _a1(09)
100 1 _aLluís Font, Pere
_d1934-
_eautor
_9164725
245 1 3 _aLa filosofia al natural /
_cPere Lluís Font
264 1 _aBarcelona :
_bEdicions de la Universitat de Barcelona :
_bEdicions de la Universitat de Lleida,
_c2025
300 _a246 pàgines ;
_c21 cm
336 _atext
_btxt
_2rdacontent
337 _asense mediació
_bn
_2rdamedia
338 _avolum
_bnc
_2rdacarrier
490 1 _aFilosofia UB
500 _aInclou notes
600 1 7 _aMontaigne, Michel de
_d1533-1592
_2cantic
_919339
600 1 7 _aDescartes, René
_d1596-1650
_2cantic
_9183421
600 1 7 _aPascal, Blaise
_d1623-1662
_2cantic
_9160351
650 7 _aFilosofia moderna
_2thub
_976256
650 7 _aFilosofia cristiana
_2thub
_918765
650 7 _aCiència
_xFilosofia
_963813
650 7 _aFilosofia
_xHistòria
_2lemac
_937393
650 7 _aFilosofia
_2thub
_9234886
830 0 _aFilosofia UB
_95301
908 _aUB
_aBAB
940 _aUB
942 _2udc
_cLIB
_02